000
00453nam a2200133Ia 4500
008
100328s9999 xx 000 0 und d
082
_b
30601
100
_a
परांजपे शि.म.
245
_a
काळातील निवडक निबंध
260
_b
य.गो.जोशी
630
_a
काळातील निवडक निबंध
730
_a
काळातील निवडक निबंध
942
_c
BOOK
999
_c
521570
_d
521567